书目信息 |
| 题名: |
显生宙
|
|
| 作者: | ;丁丁虫 , 张玉 , 北异 译 | |
| 分册: | 3 古生代 | |
| 出版信息: | 北京 人民文学出版社 2020.09 |
|
| 页数: | 135页 | |
| 开本: | 30cm | |
| 丛书名: | ||
| 单 册: | ||
| 中图分类: | P534.4 | |
| 科图分类: | ||
| 主题词: | 显生宙--xian sheng zhou--普及读物 , 古生代--gu sheng dai--普及读物 | |
| 电子资源: | ||
| ISBN: | 978-7-02-016087-7 | |
| 000 | 01420nam0 2200301 450 | |
| 001 | 0109110153 | |
| 005 | 20201109143616.71 | |
| 010 | @a978-7-02-016087-7@dCNY98.00 | |
| 100 | @a20200928d2020 em y0chiy50 ea | |
| 101 | 1 | @achi@cjpn |
| 102 | @aCN@b110000 | |
| 105 | @aab z 000yy | |
| 106 | @ar | |
| 200 | 1 | @a显生宙@Axian sheng zhou@i古生代@h3@f(日)朝日新闻出版著@g丁丁虫, 张玉, 北异译 |
| 210 | @a北京@c人民文学出版社@d2020.09 | |
| 215 | @a135页@c图,照片,地图@d30cm | |
| 300 | @a46亿年的奇迹:地球简史99读书人 | |
| 312 | @a封面其他题名信息:5亿4100万年前-2亿5217万年前 | |
| 330 | @a本书介绍古生代的世界。在古生代晚期的地球上,植物与动物在经历了大规模的繁荣后,由于环境的巨变,遭遇了二叠纪末大灭绝。4亿年前,由蕨类植物组成的“森林”改变了当时地球的气候。刚从海洋登上陆地的昆虫还只是蠕蠕而动的微小生物,接着它们长出翅膀,扩大了生存空间。超级大陆开始形成,逐渐成为了动物的“游乐场”。此后,全球范围的环境变化导致了二叠纪末生物大灭绝的发生,这对于古生代生物是可怕的灾难,但此次生物大灭绝孕育了哺乳类祖先出现的希望。 | |
| 517 | 1 | @a5亿4100万年前-2亿5217万年前@A5 yi 4100 wan nian qian-2 yi 5217 wan nian qian |
| 606 | 0 | @a显生宙@Axian sheng zhou@j普及读物 |
| 606 | 0 | @a古生代@Agu sheng dai@j普及读物 |
| 690 | @aP534.4@v5 | |
| 702 | 0 | @a丁丁虫@Ading ding chong@4译 |
| 702 | 0 | @a张玉@Azhang yu@4译 |
| 702 | 0 | @a北异@Abei yi@4译 |
| 801 | 0 | @aCN@bBJSZM@c20201103 |
| 905 | @b1240018-20@dP534.4@e158:3@f3 | |
| 显生宙.古生代.3/(日)朝日新闻出版著/丁丁虫, 张玉, 北异译.-北京:人民文学出版社,2020.09 |
| 135页:图,照片,地图;30cm |
| 46亿年的奇迹:地球简史99读书人 |
| ISBN 978-7-02-016087-7:CNY98.00 |
| 本书介绍古生代的世界。在古生代晚期的地球上,植物与动物在经历了大规模的繁荣后,由于环境的巨变,遭遇了二叠纪末大灭绝。4亿年前,由蕨类植物组成的“森林”改变了当时地球的气候。刚从海洋登上陆地的昆虫还只是蠕蠕而动的微小生物,接着它们长出翅膀,扩大了生存空间。超级大陆开始形成,逐渐成为了动物的“游乐场”。此后,全球范围的环境变化导致了二叠纪末生物大灭绝的发生,这对于古生代生物是可怕的灾难,但此次生物大灭绝孕育了哺乳类祖先出现的希望。 |
| ● |
| 相关链接 |
|
|
|
|
正题名:显生宙
索取号:P534.4/158:3
 
预约/预借
| 序号 | 登录号 | 条形码 | 馆藏地/架位号 | 状态 | 备注 |
| 1 | 1240018 | 212400187 | 第二样本阅览室/ [索取号:P534.4/158:3] | 在馆 | |
| 2 | 1240019 | 212400196 | 第三借阅区/ [索取号:P534.4/158:3] | 在馆 | |
| 3 | 1240020 | 212400203 | 第三借阅区/ [索取号:P534.4/158:3] | 在馆 |